Estudio practico sobre mis cuentas 2017

Bibliographic Details
Main Author: Hernǹdez Rodrg̕uez, Jess︢
Other Authors: Galindo Cosme, Mn̤ica Isela
Format: eBook
Language:Spanish
Published: Ciudad de Mx̌ico: Ediciones Fiscales ISEF, 2017
Subjects:
Online Access:Acceso restringido

MARC

LEADER 00000nam a22000007a 4500
005 20171221165515.0
007 cr|||| ||||
008 171221s2017 mx |||||s|||| 00||0 spa d
020 |a 978-607-406-897-9 
035 |a 20947 
040 |a vLex 
090 |c 7335  |d 7335 
100 1 |a Hernǹdez Rodrg̕uez, Jess︢ 
245 1 0 |a Estudio practico sobre mis cuentas 2017  |h [Recurso electrn̤ico] /  |c Jess︢ Hernǹdez Rodrg̕uez; Mn̤ica Isela Galindo Cosme 
256 |a Servicio en ln̕ea 
260 |a Ciudad de Mx̌ico:  |b Ediciones Fiscales ISEF,  |c 2017 
300 |a 1 recurso electrn̤ico 
506 1 |a Disponible solo en los productos indicados  |d vLex Global  |d vLex Global (Academic Edition, excluding Law Schools)  |d vLex Global (U.S. Academic Edition, Law Schools)  |d vLex Global (U.S. Academic Edition, excluding Law Schools)  |d vLex Global (Academic Edition, Law Schools) 
650 0 4 |a Derecho Fiscal  |z Mx̌ico 
700 1 |a Galindo Cosme, Mn̤ica Isela 
740 0 |a vLex Libros (Servicio en ln̕ea) 
856 4 0 |u http://vlex.com/source/estudio-practico-sobre-mis-cuentas-2017-20947  |z Acceso restringido 
942 |c BOOK 
999 0 |a Fiscal law